=LDR 00000nam 2200000 4500 =001 INLIS000000000052601 =005 20240516111346 =035 ##$$a 0010-0218000297 =245 1#$$a Jejak Putih d Tanah Basah /$c Tria Ayu K =100 #$$a Ayu k, Tria =300 ##$$a 107 hlm : $b ilus ; $c 17 cm =006 a################ =007 ta =008 240516################c##########0#ind## =260 ##$$a Jakarta :$b Gema Insani,$c 2007 =082 ##$$a F Room K =084 ##$$a F Room K Ayu j =020 ##$$a 979-59-0234-9 =250 ##$$a cet. I =990 ##$$a 20901444